Aktuálne otázky didaktík odborných ekonomických predmetov

Enregistré dans:
Détails bibliographiques
Auteur principal: Šlosár, Rudolf
Collectivité auteur: Ekonomická univerzita v Bratislave. Národohospodárska fakulta
Autres auteurs: Kačániová, Jarmila, Líška, Ľubomír, Velichová, Ľudmila, Kompoltová, Soňa, Orbánová, Darina
Format: Livre
Langue:slovaque
Publié: Bratislava Vydavateľstvo EKONÓM 2002
Sujets:
Tags: Ajouter un tag
Pas de tags, Soyez le premier à ajouter un tag!

MARC

LEADER 00000nam a2200000 4500
001 c131754
005 20221007085616.0
020 |a 80-225-1487-X 
041 0 |a slo 
044 |a SK 
245 1 0 |a Aktuálne otázky didaktík odborných ekonomických predmetov  |c Rudolf Šlosár a kolektív 
264 1 |a Bratislava  |b Vydavateľstvo EKONÓM  |c 2002 
300 |a 151 s. 
610 2 0 |a vzdelanie vysokoškolské 
610 2 0 |a vzdelávanie permanentné 
610 2 0 |a školy odborné 
610 2 0 |a školy vysoké odborné 
610 2 0 |a vzdelávanie 
610 2 0 |a školstvo 
610 2 0 |a učitelia 
610 2 0 |a predmety učebné 
610 2 0 |a vyučovanie 
610 2 0 |a školy stredné 
610 2 0 |a technika didaktická 
610 2 0 |a technika výpočtová 
100 1 |a Šlosár, Rudolf 
700 1 |a Kačániová, Jarmila 
700 1 |a Líška, Ľubomír 
700 1 |a Velichová, Ľudmila 
700 1 |a Kompoltová, Soňa 
700 1 |a Orbánová, Darina 
710 2 |a Ekonomická univerzita v Bratislave. Národohospodárska fakulta